"1 to 10" typing test "in words" - Statistics

General Stats
  • This quiz has been taken 177 times
  • The average score is 9 of 10
Answer Stats
Numbers Type in "words" % Correct
1 One
100%
2 Two
96%
4 Four
95%
5 Five
94%
3 Three
94%
6 Six
91%
7 Seven
88%
8 Eight
85%
9 Nine
85%
10 Ten
82%
No matching quizzes found
Score Distribution
Percent of People with Each Score
Percentile by Number Answered
Your Score History
You have not taken this quiz